| 000 | nam a22 7a 4500 | ||
|---|---|---|---|
| 999 |
_c17160 _d17160 |
||
| 008 | 161122b xxu||||| |||| 00| 0 eng d | ||
| 020 | _a0536882363 | ||
| 050 | _aHF 1008 .B68 2005 | ||
| 100 |
_aBovee,Courtland L. _d2009 |
||
| 245 |
_aBusiness in action. _cCourtland L.Bovee |
||
| 260 |
_aNY: _bCustom, _c2005. |
||
| 300 | _axix,524p. | ||
| 650 | _aindustrial amnagement. | ||
| 650 | _aBusiness. | ||
| 650 | _aCommerce. | ||
| 942 |
_2lcc _cBOOKS _hHF 1008 .B68 2005 |
||